K vybraným oblastiam marketingu z pohľadu cirkulárnej ekonomiky
Relácia medzi súčasnou marketingovou koncepciou a cirkulárnou ekonomikou. Produkt z pohľadu cirkulárnej ekonomiky. Cirkulárny dizajn produktov. Značka a jej význam v cirkulárnej ekonomike. Cirkulárne podnikateľské modely ako nové marketingové príležitosti. Marketingové stratégie pre cirkulárnu ekono...
Enregistré dans:
| Auteur principal: | |
|---|---|
| Format: | Chapitre de livre |
| Langue: | slovaque |
| Sujets: | |
| Tags: |
Pas de tags, Soyez le premier à ajouter un tag!
|
MARC
| LEADER | 00000naa$a2200000$$$4500 | ||
|---|---|---|---|
| 001 | 0252835 | ||
| 005 | 20240502074046.0 | ||
| 041 | 0 | |a slo | |
| 044 | |a SK | ||
| 245 | 1 | 0 | |a K vybraným oblastiam marketingu z pohľadu cirkulárnej ekonomiky |c Eva Hanuláková |
| 520 | |a Relácia medzi súčasnou marketingovou koncepciou a cirkulárnou ekonomikou. Produkt z pohľadu cirkulárnej ekonomiky. Cirkulárny dizajn produktov. Značka a jej význam v cirkulárnej ekonomike. Cirkulárne podnikateľské modely ako nové marketingové príležitosti. Marketingové stratégie pre cirkulárnu ekonomiku. | ||
| 610 | 2 | 0 | |a marketing |
| 610 | 2 | 0 | |a stratégia marketingová |
| 610 | 2 | 0 | |a zákazníci |
| 610 | 2 | 0 | |a značky |
| 610 | 2 | 0 | |a spotrebitelia |
| 610 | 2 | 0 | |a komunikácia |
| 610 | 2 | 0 | |a environmentalistika |
| 610 | 2 | 0 | |a nástroje marketingové |
| 100 | 1 | |a Hanuláková, Eva, 1964- | |